[Event "Speed Chess GP3"]
[Site "Chess.com INT"]
[Date "2021.10.02"]
[Round "8"]
[White "Sadhwani, Raunak"]
[Black "Ponkratov, Pavel"]
[Result "1-0"]
[WhiteElo "2609"]
[BlackElo "2659"]
[PlyCount "151"]
[EventDate "2021.10.02"]
[EventType "swiss (blitz)"]
[EventRounds "10"]
[EventCountry "USA"]
[SourceTitle "CBM 204 Extra"]
[Source "ChessBase"]
[SourceDate "2022.09.12"]
[SourceVersion "1"]
[SourceVersionDate "2022.09.12"]
[SourceQuality "1"]

1. b3 Nf6 2. Bb2 g6 3. Nf3 Bg7 4. g3 O-O 5. Bg2 d5 6. c4 dxc4 7. bxc4 c5 8. O-O Nc6 9. d3 Rb8 ({RR} 9... Bf5 10. Nc3 Qd7 11. Re1 Rac8 12. Rb1 b6 13. Nb5 Bh3 14. Bh1 Ne8 15. Bxg7 Nxg7 16. Ng5 Bg4 17. Qd2 h6 18. Ne4 Kh7 19. Nec3 f5 20. f3 Bh5 21. f4 e6 22. Bg2 Rfd8 23. Kh1 Qe7 24. Qe3 {Radjabov,T (2744)-Jakovenko,D (2736) Khanty-Mansiysk 2011 1-0 (48)}) 10. Nbd2 ({RR} 10. Ne5 Nd4 11. e3 Ne6 12. Qc2 Nd7 13. Nxd7 Bxd7 14. Bxg7 Nxg7 15. Nc3 a6 16. a4 b5 17. axb5 axb5 18. cxb5 Bxb5 19. Nxb5 Rxb5 20. Bc6 Ra5 21. Rxa5 Qxa5 22. Rc1 Rd8 23. Be4 e6 24. Qxc5 Qxc5 {Jessel,S (2331)-Garcia Alvarez,D (2124) chess.com INT 2025 0-1 (47)}) 10... a6 $146 ({RR} 10... Qc7 11. Nb3 b6 12. Qd2 e5 13. Ne1 Bb7 14. Nc2 e4 15. Rfd1 exd3 16. exd3 Rfe8 17. Ne3 Ne5 18. Bxe5 Qxe5 19. Re1 Bxg2 20. Kxg2 Qd6 21. Nc2 Ng4 22. Rxe8+ Rxe8 23. Re1 Rd8 24. Rd1 Ne5 25. Ne1 {Pokorny,R-Micanek,T Brno 1997 0-1 (32)}) ({RR} 10... Bd7 11. Ne5 Qc7 12. Nxd7 Qxd7 13. Rb1 b6 14. Nf3 Ne8 15. Qb3 Nc7 16. Rfd1 Ne6 17. e3 Rfd8 18. Bxg7 Kxg7 19. Qc3+ Kg8 20. Rd2 a6 21. h4 b5 22. h5 bxc4 23. Rxb8 Rxb8 24. dxc4 Qc7 25. h6 {Sadhwani,R (2555)-Grigorjev,I (2372) Chess.com INT 2021 1-0 (49)}) 11. Ne5 Nd4 12. e3 Nf5 13. Nb3 Qc7 14. Qe2 h5 15. e4 Nd4 16. Nxd4 cxd4 17. Bxd4 Ng4 18. Nf3 Bxd4 19. Nxd4 Rd8 20. Nf3 Ne5 21. Nxe5 Qxe5 22. Rfd1 Qd4 23. Qe3 Bg4 24. Qxd4 Rxd4 25. f3 Be6 26. Bf1 b5 27. Rdb1 Kg7 28. Kf2 Bd7 29. Ke3 e5 30. f4 f6 31. a4 b4 32. a5 g5 33. f5 h4 34. Rb2 hxg3 35. hxg3 b3 36. Ra3 Rh8 37. Raxb3 Rh1 38. Rb1 g4 39. Be2 Rh3 40. Rg1 Rh2 41. Rb6 Ba4 42. Rxa6 Bc2 43. Ra7+ Kh6 44. Ra8 Rxe2+ 45. Kxe2 Bxd3+ 46. Ke3 Bxe4 47. Rg8 Kh5 48. a6 Rxc4 49. a7 Ra4 50. Rc1 Bd5 51. Rg7 Kh6 52. Rcc7 Kh5 53. Rcd7 Ra3+ 54. Kd2 Bf3 55. Rd6 e4 56. Re6 Kh6 57. Rg6+ Kh5 58. Rgxf6 e3+ 59. Rxe3 Rxa7 60. Rg6 Ra2+ 61. Kc3 Ra3+ 62. Kd4 Ra4+ 63. Ke5 Ra5+ 64. Kf6 Ra6+ 65. Re6 Ra5 66. Rg5+ Kh6 67. Rg6+ Kh5 68. Re8 Ra6+ 69. Ke5 Ra5+ 70. Kf4 Ra4+ 71. Ke3 Ra3+ 72. Kd2 Ra2+ 73. Kc3 Ra3+ 74. Kb2 Ra8 75. Rxa8 Bxa8 76. Rg7 1-0

[Event "Speed Chess GP3"]
[Site "Chess.com INT"]
[Date "2021.10.02"]
[Round "9"]
[White "Hansen, Eric"]
[Black "Rychagov, Andrey"]
[Result "1-0"]
[WhiteElo "2606"]
[BlackElo "2549"]
[PlyCount "101"]
[EventDate "2021.10.02"]
[EventType "swiss (blitz)"]
[EventRounds "10"]
[EventCountry "USA"]
[SourceTitle "CBM 204 Extra"]
[Source "ChessBase"]
[SourceDate "2022.09.12"]
[SourceVersion "1"]
[SourceVersionDate "2022.09.12"]
[SourceQuality "1"]

1. Nf3 d5 2. g3 c6 3. Bg2 Bg4 4. O-O Nd7 5. h3 Bh5 6. d3 Ngf6 7. c4 dxc4 8. dxc4 e5 9. Nc3 Be7 10. Qc2 Bg6 $146 ({RR} 10... O-O 11. Nh4 Re8 12. g4 Bg6 13. Nxg6 hxg6 14. Be3 Qc7 15. Rfd1 Nc5 16. b4 Ne6 17. c5 Rad8 18. Rxd8 Rxd8 19. Rd1 Nd4 20. Qb2 Nh7 21. Bxd4 exd4 22. Ne4 f5 23. gxf5 gxf5 24. Ng3 g6 25. Rxd4 {Tabuenca Mendataurigoitia,D (2360)-Tin,J (2573) chess.com INT 2024 0-1 (65)}) 11. Qb3 Nc5 12. Qd1 Qxd1 13. Rxd1 Nfd7 14. b3 O-O-O 15. Bb2 Rhe8 16. b4 Ne6 17. c5 e4 18. Nh4 Bxh4 19. gxh4 Nf4 20. Bf1 Ne5 21. Rxd8+ Rxd8 22. Nxe4 Nc4 23. Bc1 Nd5 24. Nd2 Ne5 25. a3 Nf4 26. Kh2 Ne6 27. Ra2 Nd4 28. f3 Nf5 29. Ne4 Nxh4 30. Bg5 Rd1 31. Nd6+ Kd7 32. Kg1 Nhxf3+ 33. exf3 Nxf3+ 34. Kf2 Nxg5 35. Nxb7 Ne4+ 36. Kg2 Kc7 37. Na5 Nc3 38. Rf2 Be4+ 39. Kh2 f5 40. Nc4 Nd5 41. Nd6 Ne3 42. Be2 Rd2 43. Nxe4 fxe4 44. Kg3 Nd5 45. Rf7+ Kd8 46. Bg4 e3 47. Rd7+ Ke8 48. Rd6 Kf7 49. Rxc6 g6 50. Rd6 e2 51. Kf2 1-0

[Event "Speed Chess GP3"]
[Site "Chess.com INT"]
[Date "2021.10.02"]
[Round "10"]
[White "Sadhwani, Raunak"]
[Black "Meier, Georg"]
[Result "1-0"]
[WhiteElo "2609"]
[BlackElo "2628"]
[PlyCount "47"]
[EventDate "2021.10.02"]
[EventType "swiss (blitz)"]
[EventRounds "10"]
[EventCountry "USA"]
[SourceTitle "CBM 204 Extra"]
[Source "ChessBase"]
[SourceDate "2022.09.12"]
[SourceVersion "1"]
[SourceVersionDate "2022.09.12"]
[SourceQuality "1"]

1. b3 d5 2. Bb2 Bf5 3. Nf3 e6 4. e3 h6 5. d4 ({RR} 5. Bd3 Bxd3 6. cxd3 Nf6 7. O-O Be7 8. Nc3 c5 9. d4 Nbd7 10. Rc1 Rc8 11. dxc5 Nxc5 12. Qe2 O-O 13. Rc2 Na6 14. a3 Nc5 15. b4 Na4 16. Ba1 Ne4 17. Rfc1 Naxc3 18. Bxc3 Qd7 19. Bb2 Rxc2 {Artemiev,V (2709)-Tomashevsky,E (2706) Chess.com INT 2021 ½-½}) 5... Nf6 6. Bd3 Bxd3 7. Qxd3 Be7 $146 ({RR} 7... c6 8. O-O Nbd7 9. c4 {½-½ (9) Jezek,A (1919)-Navratil,F (2168) Czech Republic 2014}) ({RR} 7... c6 8. c4 Be7 9. Nc3 O-O 10. O-O a5 11. a3 Nbd7 12. e4 dxe4 13. Nxe4 Nxe4 14. Qxe4 Nf6 15. Qe2 Qb6 16. Qc2 a4 17. b4 Qc7 18. Rac1 Qf4 19. Qd2 Qxd2 20. Nxd2 Rac8 21. Rfd1 Rfd8 22. Nb1 {Chernikov,V (2249)-Sobek,J (2198) chess.com INT 2025 1-0 (45)}) ({RR} 7... Nbd7 8. O-O c6 9. Nbd2 a5 10. a3 Bd6 11. c4 O-O 12. e4 dxe4 13. Nxe4 Nxe4 14. Qxe4 Nf6 15. Qc2 a4 16. bxa4 Qa5 17. d5 cxd5 18. Bxf6 gxf6 19. cxd5 Qxd5 20. Rfd1 Qc5 21. Qd2 Be7 22. Qxh6 {Sadhwani,R (2627)-Anton Guijarro,D (2690) chess.com INT 2023 ½-½ (71)}) 8. Nbd2 O-O 9. g4 Nxg4 10. Rg1 f5 11. h3 Nf6 12. O-O-O Nbd7 13. Rg6 Rf7 14. Rdg1 Nf8 15. Rxh6 Ne4 16. Ne5 Rf6 17. Rh5 Bd6 18. Nxe4 fxe4 19. Rhg5 exd3 20. Rxg7+ Kh8 21. Rg8+ Kh7 22. R1g7+ Kh6 23. Ng4+ Kh5 24. Rh8+ 1-0

[Event "Sochi Lobanov Memorial Rapid"]
[Site "Sochi"]
[Date "2021.10.08"]
[Round "7"]
[White "Afanasiev, Nikita"]
[Black "Nesterov, Arseniy"]
[Result "1-0"]
[WhiteElo "2560"]
[BlackElo "2514"]
[PlyCount "95"]
[EventDate "2021.10.07"]
[EventType "swiss (rapid)"]
[EventRounds "9"]
[EventCountry "RUS"]
[SourceTitle "CBM 204 Extra"]
[Source "ChessBase"]
[SourceDate "2022.09.12"]
[SourceVersion "1"]
[SourceVersionDate "2022.09.12"]
[SourceQuality "1"]

1. Nf3 d5 2. g3 Nf6 3. Bg2 Bf5 4. O-O e6 5. d3 Nbd7 6. Nh4 ({RR} 6. c4 h6 7. cxd5 exd5 8. Nc3 c6 9. Qc2 Be7 10. e4 dxe4 11. dxe4 Bh7 12. h3 O-O 13. Be3 Bc5 14. Bxc5 Nxc5 15. Rad1 Qb6 16. Ne5 Rfe8 17. Nc4 Qc7 18. Rfe1 Rad8 19. Rxd8 Rxd8 20. Qe2 b5 {Markowski,T (2561)-Naiditsch,A (2676) Ajaccio 2006 0-1 (46)}) 6... Bg6 7. Nd2 $146 ({RR} 7. e4 c6 8. Nxg6 hxg6 9. Qe2 Qc7 10. exd5 Nxd5 11. c4 N5f6 12. d4 Be7 13. Nc3 O-O 14. d5 e5 15. Be3 Bc5 16. Bxc5 Nxc5 17. b4 Ncd7 18. dxc6 bxc6 19. b5 e4 20. Nxe4 Nxe4 21. Qxe4 cxb5 {Fatin,T (2385)-Martin,B (2400) London 1994 1-0 (47)}) ({RR} 7. f4 Bd6 8. Qe1 c6 9. e4 dxe4 10. dxe4 Bc5+ 11. Kh1 Qe7 12. h3 O-O-O 13. Nc3 h6 14. Nxg6 fxg6 15. e5 Nd5 16. Ne4 Kb8 17. a4 Rhf8 18. c3 a5 19. Rb1 g5 20. Bd2 gxf4 21. gxf4 g5 {Atakhan,A (2412)-Dumanuly,S (2081) chess.com INT 2024 1-0 (36)}) 7... Be7 8. Nxg6 hxg6 9. e4 O-O 10. Qe2 dxe4 11. dxe4 e5 12. a4 c6 13. h4 Qc7 14. Bf3 Rad8 15. Kg2 Nc5 16. a5 b5 17. axb6 axb6 18. b4 Ne6 19. c3 b5 20. Nb3 Ra8 21. Be3 c5 22. bxc5 Rab8 23. c4 b4 24. c6 Qxc6 25. c5 Nd7 26. Ra6 Qc7 27. Rxe6 fxe6 28. Qc4 Rf6 29. Bg4 Nf8 30. Ra1 Qc6 31. Ra7 Rf7 32. Ra6 Qc8 33. Rxe6 Nxe6 34. Bxe6 Qe8 35. c6 Bd6 36. Nc5 b3 37. Nxb3 Kf8 38. Qd5 Rd8 39. Nc5 Rf6 40. Nd7+ Ke7 41. Bg5 Bc7 42. f4 Rxd7 43. cxd7 Qb8 44. fxe5 Qb2+ 45. Kh3 Qe2 46. d8=Q+ Bxd8 47. Qd7+ Kf8 48. Qxd8# 1-0

[Event "Sochi Lobanov Memorial Rapid"]
[Site "Sochi"]
[Date "2021.10.08"]
[Round "7"]
[White "Savchenko, Boris"]
[Black "Zakhartsov, Vladimir"]
[Result "1-0"]
[WhiteElo "2535"]
[BlackElo "2514"]
[PlyCount "111"]
[EventDate "2021.10.07"]
[EventType "swiss (rapid)"]
[EventRounds "9"]
[EventCountry "RUS"]
[SourceTitle "CBM 204 Extra"]
[Source "ChessBase"]
[SourceDate "2022.09.12"]
[SourceVersion "1"]
[SourceVersionDate "2022.09.12"]
[SourceQuality "1"]

1. b3 d5 2. Nf3 c5 3. e3 a6 4. Bb2 Nc6 5. d4 Bg4 6. dxc5 Qa5+ 7. Nbd2 Nf6 8. a3 Qxc5 9. b4 Qd6 10. c4 e6 11. h3 $146 ({RR} 11. Be2 Be7 12. h3 Bxf3 13. Bxf3 Ne5 14. O-O Nxf3+ 15. Qxf3 O-O 16. Rfd1 a5 17. b5 a4 18. e4 d4 19. e5 Qxe5 20. Qxb7 Qd6 21. Ne4 Nxe4 22. Rxd4 Nc5 23. Rxd6 Nxb7 24. Rd7 Bf6 25. Bxf6 Nc5 {Rotstein,A (2539)-Recuero Guerra,D (2350) Mondariz 2007 1-0 (38)}) 11... Bh5 12. cxd5 Qxd5 13. Bc4 Bxf3 14. Qxf3 Qxf3 15. Nxf3 Bd6 16. g4 h6 17. O-O Ke7 18. Rfd1 Rhd8 19. Bf1 Rac8 20. Bg2 Rd7 21. Kf1 Rdc7 22. Rac1 b5 23. Rc2 a5 24. bxa5 Nxa5 25. Rxc7+ Bxc7 26. Nd4 Be5 27. Nf5+ exf5 28. Bxe5 Nc4 29. Bb7 Rd8 30. Bd4 Ke6 31. gxf5+ Kxf5 32. Rd3 Ke6 33. Ba6 Ra8 34. Bxb5 Nxa3 35. Bc6 Rc8 36. Ba4 Nc4 37. Ke2 Nd6 38. f3 Nf5 39. Bb2 Nd6 40. Bb3+ Ke7 41. e4 Nfe8 42. e5 Nb5 43. Ba4 Rc5 44. f4 Nec7 45. Kf3 Rc4 46. Bb3 Rb4 47. f5 Na6 48. f6+ gxf6 49. exf6+ Ke8 50. Bd5 Nb8 51. Be5 Na7 52. Re3 Kd7 53. Bc3 Rb6 54. Bxf7 Nb5 55. Be8+ Kd8 56. Ba5 1-0

[Event "Sochi Lobanov Memorial Blitz"]
[Site "Sochi"]
[Date "2021.10.09"]
[Round "12"]
[White "Afanasiev, Nikita"]
[Black "Riazantsev, Alexander"]
[Result "1-0"]
[WhiteElo "2560"]
[BlackElo "2634"]
[PlyCount "49"]
[EventDate "2021.10.09"]
[EventType "swiss (blitz)"]
[EventRounds "13"]
[EventCountry "RUS"]
[SourceTitle "CBM 204 Extra"]
[Source "ChessBase"]
[SourceDate "2022.09.12"]
[SourceVersion "1"]
[SourceVersionDate "2022.09.12"]
[SourceQuality "1"]

1. Nf3 d5 2. g3 Bf5 3. Bg2 c6 4. O-O e6 5. d3 h6 6. Nc3 Nf6 7. Nd2 Be7 8. e4 Bh7 9. f4 O-O 10. g4 Na6 $146 ({RR} 10... a5 11. a4 Na6 12. e5 Nd7 13. Nf3 b5 14. axb5 Qb6+ 15. Kh1 cxb5 16. g5 hxg5 17. fxg5 Rac8 18. Bf4 a4 19. Ne2 Nb4 20. Rc1 Na2 21. Ra1 Nb4 22. Rc1 Na2 23. Ra1 {½-½ (23) Wieczorek,O (2491)-Basso,P (2507) Spilimbergo ITA 2024}) 11. Kh1 Nd7 12. f5 Nc7 13. Nf3 b5 14. h3 Bd6 15. g5 exf5 16. gxh6 b4 17. hxg7 Re8 18. Ne2 fxe4 19. dxe4 Bxe4 20. Ng5 Bxg2+ 21. Kxg2 Qe7 22. Nd4 Qe5 23. Bf4 Qxf4 24. Rxf4 Bxf4 25. Qh5 1-0

[Event "Speed Chess GP4"]
[Site "Chess.com INT"]
[Date "2021.10.09"]
[Round "5"]
[White "Nakamura, Hikaru"]
[Black "Lysyj, Igor"]
[Result "1-0"]
[WhiteElo "2736"]
[BlackElo "2603"]
[PlyCount "89"]
[EventDate "2021.10.09"]
[EventType "swiss (blitz)"]
[EventRounds "10"]
[EventCountry "USA"]
[SourceTitle "CBM 204 Extra"]
[Source "ChessBase"]
[SourceDate "2022.09.12"]
[SourceVersion "1"]
[SourceVersionDate "2022.09.12"]
[SourceQuality "1"]

1. Nf3 Nf6 2. b3 e6 3. Bb2 Be7 4. g4 O-O 5. g5 Ne8 ({RR} 5... Ne4 6. h4 d5 7. d3 Nd6 8. e4 c5 9. Nbd2 Nc6 10. Bg2 d4 11. e5 Nf5 12. Kf1 Rb8 13. Ne4 b5 14. Bc1 c4 15. Nh2 Kh8 16. Ng4 Nb4 17. Ngf6 Nd5 18. Qh5 gxf6 19. gxf6 Bxf6 20. exf6 {Salgado Lopez,I (2599)-Finek,V (2478) Prague CZE 2025 1-0 (49)}) 6. h4 ({RR} 6. Rg1 c5 7. h4 Nc6 8. c4 d5 9. cxd5 exd5 10. d4 Bf5 11. a3 Rc8 12. e3 Nd6 13. dxc5 Ne4 14. b4 a5 15. Nd4 Qd7 16. f3 Nxc5 17. bxc5 Bxc5 18. Kf2 Rfe8 19. Bb5 Bxb1 20. Rxb1 Qh3 {Nakamura,H (2736)-Shuvalova,P (2476) Chess.com INT 2021 1-0}) 6... b6 $146 ({RR} 6... f6 7. e3 d5 8. g6 h6 9. c4 c5 10. cxd5 exd5 11. Nc3 Be6 12. d4 Nc6 13. dxc5 Bxc5 14. a3 Rc8 15. b4 Be7 16. Bg2 Nc7 17. Nd4 Nxd4 18. Qxd4 Bd6 19. f4 h5 20. Bf3 Re8 21. Bxh5 {Hakobyan,A (2607)-Madaminov,M (2260) Chess.com INT 2021 1-0 (31)}) 7. c4 Bb7 8. Nc3 d5 9. cxd5 exd5 10. d4 c5 11. e3 Nc6 12. Bg2 Nc7 13. dxc5 bxc5 14. O-O Qd7 15. Ne2 Rfd8 16. Ng3 Ne6 17. Nh5 d4 18. exd4 Ncxd4 19. Bxd4 cxd4 20. Ne5 Qc7 21. Bxb7 Qxb7 22. Nd3 Qe4 23. f4 Qf5 24. Ng3 Qh3 25. Qf3 Nc5 26. Nf2 Qd7 27. Rad1 d3 28. b4 Na4 29. Rxd3 Qb5 30. a3 a5 31. Re1 Bf8 32. Rxd8 Rxd8 33. Re5 Qc4 34. Rxa5 Nc3 35. Kg2 Nd5 36. Nge4 Qd4 37. h5 Ne3+ 38. Kh3 Qd7+ 39. f5 Qd4 40. g6 hxg6 41. hxg6 Rc8 42. gxf7+ Kxf7 43. Ng5+ Kg8 44. Qh5 Rc7 45. Qh7# 1-0

[Event "Speed Chess GP4"]
[Site "Chess.com INT"]
[Date "2021.10.09"]
[Round "5"]
[White "Sviridov, Valery"]
[Black "Holt, Conrad"]
[Result "1-0"]
[WhiteElo "2562"]
[BlackElo "2549"]
[PlyCount "121"]
[EventDate "2021.10.09"]
[EventType "swiss (blitz)"]
[EventRounds "10"]
[EventCountry "USA"]
[SourceTitle "CBM 204 Extra"]
[Source "ChessBase"]
[SourceDate "2022.09.12"]
[SourceVersion "1"]
[SourceVersionDate "2022.09.12"]
[SourceQuality "1"]

1. Nf3 d5 2. g3 Bg4 3. Bg2 Nd7 4. d4 e6 5. O-O ({RR} 5. h3 Bh5 6. O-O Ngf6 7. c4 c6 8. cxd5 exd5 9. Qb3 Nb6 10. a4 a5 11. Ne5 Bb4 12. Nc3 Nfd7 13. Nd3 Bd6 14. Bf4 Bxf4 15. Nxf4 Bg6 16. e4 dxe4 17. Nxg6 hxg6 18. Nxe4 O-O 19. Nc5 Qc7 {Efimenko,Z (2602)-Kuzubov,Y (2643) Chess.com INT 2020 ½-½ (41)}) 5... Bd6 6. c4 $146 ({RR} 6. b3 f5 7. c4 c6 8. Qc2 Qe7 9. Bb2 Ngf6 10. Ne5 O-O 11. f3 Bh5 12. Nd2 Nxe5 13. dxe5 Bc5+ 14. Kh1 Nd7 15. e4 f4 16. exd5 cxd5 17. g4 Bg6 18. Qd1 Bd3 19. Re1 Bf2 20. cxd5 exd5 {Chekmareva,L (2131)-Khlichkova,T (2260) Moscow 2017 0-1 (34)}) ({RR} 6. b3 Ne7 7. Bb2 O-O 8. Nbd2 c5 9. h3 Bh5 10. e3 Nc6 11. dxc5 Bxc5 12. c4 Nb6 13. Qe2 Qe7 14. a3 a5 15. Rfc1 Rac8 16. cxd5 Nxd5 17. Ne4 Ba7 18. Qb5 Rc7 19. Nc3 Rd8 20. Rd1 Rcd7 {Espinoza Palomino,W (2346)-Shirov,A (2665) chess.com INT 2024 0-1 (46)}) 6... dxc4 7. Nbd2 Nb6 8. Nxc4 Nxc4 9. Qa4+ c6 10. Qxc4 Nf6 11. Ne5 Bh5 12. e4 Bxe5 13. dxe5 Nd7 14. Qc3 O-O 15. Be3 Qc7 16. f4 Rfd8 17. h3 Be2 18. Rf2 Ba6 19. Rd2 Nb6 20. Rdd1 Be2 21. Rd4 Rxd4 22. Bxd4 Rd8 23. Re1 Na4 24. Qe3 c5 25. Bxc5 Nxc5 26. Rxe2 Rd3 27. Qf2 a5 28. Rd2 Qd8 29. Rxd3 Nxd3 30. Qd2 Qb6+ 31. Kh2 Nxb2 32. f5 h6 33. Qd7 Qc6 34. Qd8+ Kh7 35. f6 gxf6 36. exf6 e5 37. h4 Kg6 38. Qh8 Qxf6 39. Qg8+ Qg7 40. h5+ Kf6 41. Qd8+ Ke6 42. Bh3+ f5 43. Bxf5+ Kf7 44. Bg6+ Ke6 45. Qd5+ Kf6 46. Qd8+ Ke6 47. Qc8+ Kd6 48. Qd8+ Kc6 49. Bf5 Nc4 50. Qd5+ Kb6 51. Qxc4 Qg5 52. Qb3+ Ka7 53. Qf3 Qd2+ 54. Qg2 Qc3 55. g4 Qe3 56. g5 hxg5 57. h6 g4 58. h7 Qh6+ 59. Kg1 Qc1+ 60. Qf1 Qe3+ 61. Qf2 1-0

[Event "HUN-chT 2122"]
[Site "Hungary"]
[Date "2022.02.27"]
[Round "7.4"]
[White "Nenezic, Marko"]
[Black "Prohaszka, Peter"]
[Result "1-0"]
[WhiteElo "2522"]
[BlackElo "2567"]
[PlyCount "91"]
[EventDate "2021.10.10"]
[EventType "team-tourn"]
[EventRounds "9"]
[EventCountry "HUN"]
[SourceTitle "EXT 2023"]
[Source "ChessBase"]
[SourceDate "2022.10.05"]
[SourceVersion "1"]
[SourceVersionDate "2022.10.05"]
[SourceQuality "1"]
[WhiteTeam "Kobanya Aquarena"]
[BlackTeam "Ajka Sentimento"]
[WhiteTeamCountry "HUN"]
[BlackTeamCountry "HUN"]

1. Nf3 d5 2. g3 Bg4 3. Bg2 c6 4. h3 Bh5 5. d3 e6 6. O-O ({RR} 6. Nbd2 Nf6 7. g4 Bg6 8. Nh4 Bc5 9. e3 Bb6 10. Qe2 Nfd7 11. Nxg6 hxg6 12. a3 Na6 13. b4 Bc7 14. c4 Rc8 15. Bb2 Be5 16. d4 Bf6 17. O-O Nb6 18. c5 Na4 19. Bc1 e5 20. Qd3 O-O {Duda,J (2738)-Le,Q (2709) chess24.com INT 2021 1-0 (71)}) 6... Nf6 7. Qe1 Be7 8. g4 $146 ({RR} 8. e4 O-O 9. Nh2 Bg6 10. e5 Nfd7 11. f4 Qb6+ 12. Kh1 f6 13. exf6 Bxf6 14. Nd2 Qc5 15. c3 Qd6 16. Qe2 Na6 17. Ng4 Nac5 18. d4 Nd3 19. Rf3 Nxc1 20. Rxc1 c5 21. Re3 Rae8 22. dxc5 Nxc5 {Dragicevic,D (2359)-Hobber,A (2282) Sarpsborg 2019 1-0 (68)}) 8... Bg6 9. Nh4 Nfd7 10. Nxg6 hxg6 11. f4 Bh4 12. Qb4 Qc7 13. g5 Na6 14. Qd4 e5 15. fxe5 Nac5 16. Qf4 O-O-O 17. e6 Nxe6 18. Qxc7+ Kxc7 19. Rxf7 Bxg5 20. Bxg5 Nxg5 21. Rxg7 Nxh3+ 22. Bxh3 Rxh3 23. Nd2 Re8 24. Re1 Re6 25. e4 Kd6 26. d4 Rh4 27. e5+ Kc7 28. Nf3 Rf4 29. Kg2 Kd8 30. Rh1 Re7 31. Rhh7 Rxg7 32. Rxg7 Nf8 33. Kg3 Re4 34. Ng5 Re2 35. Nf7+ Kc7 36. Ng5+ Kd8 37. Rxb7 Rxc2 38. e6 Re2 39. Kf3 Re1 40. Kf2 Rxe6 41. Rb8+ Ke7 42. Rxf8 Rf6+ 43. Rxf6 Kxf6 44. Nf3 Kf5 45. Ke3 g5 46. b4 1-0

[Event "ESP-chT CECLUB Honor"]
[Site "Toledo"]
[Date "2021.10.15"]
[Round "5.2"]
[White "Oparin, Grigoriy"]
[Black "Eljanov, Pavel"]
[Result "1-0"]
[WhiteElo "2654"]
[BlackElo "2691"]
[PlyCount "75"]
[EventDate "2021.10.11"]
[EventType "team-tourn"]
[EventRounds "7"]
[EventCountry "ESP"]
[SourceTitle "CBM 204 Extra"]
[Source "ChessBase"]
[SourceDate "2022.09.12"]
[SourceVersion "1"]
[SourceVersionDate "2022.09.12"]
[SourceQuality "1"]
[WhiteTeam "Extremadura Magic"]
[BlackTeam "Sestao Naval"]
[WhiteTeamCountry "ESP"]
[BlackTeamCountry "ESP"]

1. Nf3 d5 2. e3 c5 3. b3 Nf6 4. Bb2 Nc6 5. Bb5 Bd7 6. c4 a6 7. Bxc6 Bxc6 8. Ne5 Rc8 ({RR} 8... g6 9. O-O Bg7 10. d4 Nd7 11. Nxc6 bxc6 12. Nd2 cxd4 13. exd4 O-O 14. Qc2 e5 15. dxe5 Nxe5 16. Bxe5 Bxe5 17. Rad1 Bg7 18. Nf3 Qa5 19. cxd5 cxd5 20. Qd2 Qa3 21. Rc1 a5 22. Rc2 Rfd8 23. Nd4 {Daaevik Wadhawan (2323)-Sai,V (2233) Chennai IND 2024 ½-½ (40)}) 9. O-O e6 10. Nxc6 $146 ({RR} 10. d3 Be7 11. Nd2 O-O 12. f4 b5 13. Qf3 Ba8 14. Qg3 Ne8 15. Rad1 Bf6 16. Ndf3 Nd6 17. Qf2 bxc4 18. bxc4 dxc4 19. Nxc4 Bxb2 20. Qxb2 Bxf3 21. gxf3 Rb8 22. Qc3 Nxc4 23. dxc4 Qe7 24. Qe5 Rb4 {Schmidt,P (2398)-Delchev,A (2558) Germany 2021 ½-½ (55)}) ({RR} 10. d3 Be7 11. Nd2 O-O 12. f4 Nd7 13. Nxc6 Rxc6 14. e4 d4 15. e5 b5 16. Ne4 Rb6 17. Bc1 Qa8 18. Qf3 bxc4 19. bxc4 Rfb8 20. Bd2 g6 21. Be1 Rb2 22. g4 Qb7 23. Bg3 Qc8 24. f5 Qe8 {Karjakin,S (2773)-Duda,J (2737) Chess.com INT 2018 1-0 (33)}) 10... Rxc6 11. Bxf6 gxf6 12. cxd5 Qxd5 13. Nc3 Qd3 14. Rc1 Be7 15. Ne2 Rg8 16. g3 Kf8 17. Nf4 Qf5 18. d4 e5 19. Ng2 Qh3 20. Qf3 Rg6 21. Rfd1 Rh6 22. Kf1 Qxh2 23. d5 Rb6 24. e4 f5 25. exf5 Rb4 26. Rc4 Rxc4 27. bxc4 Qh5 28. Qxh5 Rxh5 29. Ke2 b5 30. d6 Bd8 31. cxb5 axb5 32. Ne3 Ke8 33. d7+ Ke7 34. Nd5+ Kf8 35. f6 e4 36. Ne7 b4 37. Nc6 Bxf6 38. Rd6 1-0

[Event "Titled Tuesday intern op 12th Oct"]
[Site "Chess.com INT"]
[Date "2021.10.12"]
[Round "5"]
[White "Nakamura, Hikaru"]
[Black "Pichot, Alan"]
[Result "1-0"]
[WhiteElo "2736"]
[BlackElo "2628"]
[PlyCount "83"]
[EventDate "2021.10.12"]
[EventType "swiss (blitz)"]
[EventRounds "11"]
[EventCountry "USA"]
[SourceTitle "EXT 2023"]
[Source "ChessBase"]
[SourceDate "2022.10.05"]
[SourceVersion "1"]
[SourceVersionDate "2022.10.05"]
[SourceQuality "1"]

1. Nf3 Nf6 2. b3 d5 3. e3 Bf5 4. Bb2 h6 5. g3 e6 6. Bg2 a5 7. a3 Be7 8. O-O O-O 9. d3 a4 $146 ({RR} 9... c6 10. Nbd2 Nbd7 11. h3 Bh7 12. Qe2 Nc5 13. Rfe1 Qb6 14. g4 Nfd7 15. e4 dxe4 16. dxe4 Rad8 17. Rad1 Bf6 18. Nc4 Qc7 19. e5 Be7 20. a4 Nb6 21. Nd6 Bxd6 22. exd6 Qd7 23. Qe5 f6 24. Qxc5 {Kosakowski,J (2516)-Gales,R (2206) chess.com INT 2024 1-0 (40)}) 10. b4 c5 11. bxc5 Bxc5 12. Nbd2 Nc6 13. Qe2 Bh7 14. d4 Bd6 15. c4 Qa5 16. Rfc1 Rfc8 17. Bc3 Qa6 18. Bf1 Bg6 19. Qd1 Qa7 20. c5 Be7 21. Bb5 Ne4 22. Nxe4 Bxe4 23. Ne1 b6 24. cxb6 Qxb6 25. Bxa4 Na5 26. Bxa5 Qxa5 27. Bc2 Bxa3 28. Rcb1 Bxc2 29. Nxc2 Qc3 30. Ne1 Bd6 31. Rxa8 Rxa8 32. h4 Ra2 33. Rc1 Qb2 34. Nd3 Qa3 35. h5 Kh7 36. Kg2 Be7 37. Rc7 Bg5 38. Kf3 Kg8 39. Rc8+ Kh7 40. Qb1 g6 41. Rc7 Ra1 42. Qb8 1-0

[Event "RUS-chT Blitz"]
[Site "Sochi"]
[Date "2021.10.14"]
[Round "1.2"]
[White "Artemiev, Vladislav"]
[Black "Petrov, Nikita"]
[Result "1-0"]
[WhiteElo "2699"]
[BlackElo "2539"]
[PlyCount "133"]
[EventDate "2021.10.14"]
[EventType "team-swiss (blitz)"]
[EventRounds "13"]
[EventCountry "RUS"]
[SourceTitle "CBM 204 Extra"]
[Source "ChessBase"]
[SourceDate "2022.09.12"]
[SourceVersion "1"]
[SourceVersionDate "2022.09.12"]
[SourceQuality "1"]
[WhiteTeam "Tatarstan Ladya"]
[BlackTeam "Novorossiysk CF"]
[WhiteTeamCountry "RUS"]
[BlackTeamCountry "RUS"]

1. b3 d5 2. Bb2 Bg4 3. Nf3 Bxf3 4. exf3 h5 ({RR} 4... Nd7 5. f4 e6 6. g3 Ngf6 7. Bg2 Be7 8. O-O c5 9. c4 O-O 10. d3 Rb8 11. Nd2 b5 12. Qc2 a6 13. Nf3 bxc4 14. bxc4 d4 15. Bc1 Bd6 16. Bd2 g6 17. Qa4 Qb6 18. Ba5 Qa7 19. Rfe1 {Nakamura,H (2792)-Anand,V (2783) Saint Louis 2017 1-0 (52)}) 5. f4 e6 $146 ({RR} 5... Qd6 6. f5 Nc6 7. d4 O-O-O 8. c3 e5 9. fxe6 Qxe6+ 10. Qe2 Qd7 11. Qf3 Re8+ 12. Be2 Qe6 13. Qe3 Qxe3 14. fxe3 Rxe3 15. Kf2 Re8 16. Nd2 Nf6 17. Rhe1 Bd6 18. Kg1 Re3 19. Bf3 Rhe8 20. Rxe3 {Hersel,R (2080)-Borrmann,L (2378) Linz AUT 2024 1-0 (46)}) 6. g3 h4 7. Bg2 Nf6 8. Qe2 Nc6 9. d4 g6 10. Nd2 Bg7 11. Nf3 hxg3 12. hxg3 Rxh1+ 13. Bxh1 Qe7 14. Ne5 Nxe5 15. fxe5 Nd7 16. c4 Qb4+ 17. Kf1 c6 18. Rc1 Qa5 19. a3 Qb6 20. Qc2 Kf8 21. Bf3 Kg8 22. Kg2 Qd8 23. cxd5 cxd5 24. Qc7 Bf8 25. Qxd8 Rxd8 26. Rc7 Nb6 27. Rxb7 Rc8 28. Bd1 Bh6 29. Rxa7 Bc1 30. Bxc1 Rxc1 31. Be2 Rc3 32. Bb5 Rxb3 33. Be8 Nc8 34. Bxf7+ Kf8 35. Rc7 Ne7 36. Bxe6 Rxa3 37. Rc5 Rd3 38. Bxd5 Rxd4 39. Bc4 Rd2 40. Kf3 Rc2 41. g4 g5 42. Ke3 Ng6 43. e6 Nf4 44. Rc8+ Ke7 45. Rc7+ Kd6 46. e7 Kxc7 47. e8=Q Rxc4 48. Qe5+ Kc6 49. Qxg5 Nd5+ 50. Kf3 Rc3+ 51. Kg2 Kd6 52. Qh6+ Ke5 53. Qg7+ Ke4 54. Qg6+ Ke5 55. Qf5+ Kd6 56. g5 Rc4 57. Kg3 Rc3+ 58. f3 Rc1 59. Qg6+ Ke5 60. Qe4+ Kd6 61. Kh4 Rh1+ 62. Kg4 Rg1+ 63. Kh5 Rh1+ 64. Kg6 Rg1 65. f4 Rg4 66. Qe5+ Kc5 67. f5 1-0